The most interesting short stories in the world = Những truyện ngắn hay nhất thế giới : 30 chuyện cười 15 chuyện lịch sử
Nội dung nhằm mục đích giúp cho các em thiếu nhi có điều kiện rèn luyện kỹ năng đọc hiểu tiếng Anh qua các mẫu chuyện quốc tế.
Gorde:
| Egile nagusia: | |
|---|---|
| Formatua: | Liburua |
| Hizkuntza: | Undetermined |
| Argitaratua: |
Hà Nội
Thống kê
2006
|
| Gaiak: | |
| Etiketak: |
Etiketa erantsi
Etiketarik gabe, Izan zaitez lehena erregistro honi etiketa jartzen!
|
| Thư viện lưu trữ: | Trung tâm Học liệu Trường Đại học Cần Thơ |
|---|
| LEADER | 00857nam a2200217Ia 4500 | ||
|---|---|---|---|
| 001 | CTU_123622 | ||
| 008 | 210402s9999 xx 000 0 und d | ||
| 020 | |c 17000 | ||
| 082 | |a 428.4 | ||
| 082 | |b Đ552 | ||
| 100 | |a Đức Dũng | ||
| 245 | 4 | |a The most interesting short stories in the world = | |
| 245 | 0 | |b Những truyện ngắn hay nhất thế giới : 30 chuyện cười 15 chuyện lịch sử | |
| 245 | 0 | |c Đức Dũng | |
| 260 | |a Hà Nội | ||
| 260 | |b Thống kê | ||
| 260 | |c 2006 | ||
| 520 | |a Nội dung nhằm mục đích giúp cho các em thiếu nhi có điều kiện rèn luyện kỹ năng đọc hiểu tiếng Anh qua các mẫu chuyện quốc tế. | ||
| 650 | |a Readers | ||
| 904 | |i Tuyến | ||
| 980 | |a Trung tâm Học liệu Trường Đại học Cần Thơ | ||